Introduction to operations research / (Record no. 616)

MARC details
000 -LEADER
fixed length control field 00722nam a22002297a 4500
005 - DATE AND TIME OF LATEST TRANSACTION
control field 20250420134818.0
008 - FIXED-LENGTH DATA ELEMENTS--GENERAL INFORMATION
fixed length control field 200813b ||||| |||| 00| 0 eng d
020 ## - INTERNATIONAL STANDARD BOOK NUMBER
International Standard Book Number 9781259253188
040 ## - CATALOGING SOURCE
Transcribing agency KCST
082 ## - DEWEY DECIMAL CLASSIFICATION NUMBER
Classification number 658.4032
Item number Hi In
100 ## - MAIN ENTRY--PERSONAL NAME
Personal name Hillier, Frederick S.
9 (RLIN) 5086
245 ## - TITLE STATEMENT
Title Introduction to operations research /
Statement of responsibility, etc. Frederick S Hillier; Gerald J Lieberman
250 ## - EDITION STATEMENT
Edition statement 10th edition
Remainder of edition statement Int. student edition
260 ## - PUBLICATION, DISTRIBUTION, ETC.
Place of publication, distribution, etc. New York:
Name of publisher, distributor, etc. McGraw-Hill,
Date of publication, distribution, etc. 2015.
300 ## - PHYSICAL DESCRIPTION
Extent 1010 p.
650 ## - SUBJECT ADDED ENTRY--TOPICAL TERM
Topical term or geographic name entry element Decision making.
Form subdivision Mathematical models
9 (RLIN) 5087
650 ## - SUBJECT ADDED ENTRY--TOPICAL TERM
Topical term or geographic name entry element Game theory.
9 (RLIN) 3185
650 ## - SUBJECT ADDED ENTRY--TOPICAL TERM
Topical term or geographic name entry element Operational research
Form subdivision Problems and exercises.
9 (RLIN) 5088
700 ## - ADDED ENTRY--PERSONAL NAME
Personal name Lieberman, Gerald J.
9 (RLIN) 5089
942 ## - ADDED ENTRY ELEMENTS (KOHA)
Koha item type Book
942 ## - ADDED ENTRY ELEMENTS (KOHA)
Source of classification or shelving scheme Dewey Decimal Classification
Holdings
Withdrawn status Lost status Source of classification or shelving scheme Damaged status Not for loan Home library Current library Date acquired Source of acquisition Cost, normal purchase price Total checkouts Full call number Barcode Date last seen Price effective from Koha item type
    Dewey Decimal Classification     KCST Library KCST Library 13/08/2020 Unknown 0.00   658.4032 Hi In 1000000513 13/08/2020 13/08/2020 Book
© 2025 KCST. All rights reserved